music trivia: how many in the band? - Statistics

General Stats
  • This quiz has been taken 64 times
  • The average score is 13 of 15
Answer Stats
Hint Answer % Correct
Rush 3
91%
The Talking Heads 4
91%
The Beach Boys 5
91%
The Go-Go's 5
91%
Blondie 6
91%
The Allman Brothers Band 6 or 7
91%
Lynyrd Skynyrd 7
91%
Electric Light Orchestra 7
91%
Traveling Wilburys 5
89%
Bruce Springsteen & the E Street Band 7, 8, or 9
89%
Chicago 7 or 8
89%
The Band 5
87%
The Black Keys 2
84%
Ben Folds Five 3
82%
Arcade Fire 6 or 7
80%
No matching quizzes found
Score Distribution
Percent of People with Each Score
Percentile by Number Answered
Your Score History
You have not taken this quiz